000 00474nam a2200181Ia 4500
005 20260429111948.0
008 260429s9999||||xx |||||||||||||| ||und||
020 _a9789382126256
041 _aEnglish
082 _a620.5
_bKHA
100 _aKhanna, O.P.
245 0 _aTextbook of nanochemistry /
_cO.P. Khanna
260 _aNew Delhi :
_bAstha Publishers,
_c2014.
300 _aviii, 280 p.; hb
650 _a Nanochemistry
650 _aNanotechnology
942 _cTB
999 _c51641
_d51641